000 00299nam a2200121Ia 4500
008 210428s9999 xx 000 0 und d
082 _a541.345 F544 P
100 _aRobert M Fitch
_952217
245 0 _aPolymer Colloids
260 _bAcademic press
_aBritania
_c1997
300 _a346p
942 _cBK
999 _c559989
_d559989